LEADER 00981nam--2200349---450- 001 990000365700203316 035 $a0036570 035 $aUSA010036570 035 $a(ALEPH)000036570USA01 035 $a0036570 100 $a20010319d1976----km-y0itay0103----ba 101 $aeng 102 $aGB 105 $a||||||||001yy 200 1 $aSoftware tools$fBrian Kernighan and P. J. Plauger 210 $aReading$cAddison Wesley$d1976 215 $a338 p.$cill.$d24 cm 410 $12001 461 1$1001-------$12001 676 $a001.6425 700 1$aKERNIGHAN,$bBrian W.$06059 801 0$aIT$bsalbc$gISBD 912 $a990000365700203316 951 $a001.642 5 KER$b0003383 CBS$c001.642 5$d00106050 959 $aBK 969 $aSCI 979 $aPATTY$b90$c20010319$lUSA01$h1338 979 $aALANDI$b90$c20010516$lUSA01$h1314 979 $c20020403$lUSA01$h1644 979 $aPATRY$b90$c20040406$lUSA01$h1625 996 $aSoftware tools$9877191 997 $aUNISA LEADER 01001cam0-22003011i-450 001 990006399820403321 005 20221117184424.0 010 $a88-8114-434-4 100 $a20000112d1996----km-y0itay50------ba 101 0 $aita 102 $aIT 105 $ay-------101yy 200 1 $aAtti dell'Accademia romanistica costantiniana$e11. convegno internazionale in onore di Felix B.J. Wubbe$f[a cura di G. Crifò e S. Giglio] 210 $aNapoli$cEdizioni scientifiche italiane$dc1996 215 $a757 p.$d24 cm 225 1 $aPubblicazioni dell'Università degli studi di Perugia 676 $a340.54$v20$zita 702 1$aCrifò,$bGiuliano$f<1934-2011> 702 1$aGiglio,$bS. 702 1$aWubbe,$bFelix B.J. 712 02$aAccademia romanistica Costantiniana 801 0$aIT$bUNINA$gRICA$2UNIMARC 901 $aBK 912 $a990006399820403321 952 $aONORANZE W 23$b37167*$fFGBC 959 $aFGBC 996 $aAtti dell'Accademia romanistica costantiniana$9661419 997 $aUNINA